000 00625nam a22001937a 4500
003 OSt
005 20251103053914.0
008 251103b |||||||| |||| 00| 0 eng d
020 _a 978-621-406-1525
040 _aDWCL-Main lib
_cOC
082 _aFil. 005.133 P788i 2018
100 _aPomerada, Jake R.
245 _aIntroduction to C# programming/
_cJake R. Pomerada
260 _a Manila:
_bMindshapers co. inc.,
_cc2018.
300 _a xii, 210 pages :
_b illustrations ;
_c25cm
504 _aIncludes bibliographical references
650 _a1. C# ( Computer program language)
942 _2ddc
_cBK - FIL
_kFil.
_n0
999 _c5403
_d5403